LEADER 03352nam 2200661Ia 450 001 9910465803003321 005 20200520144314.0 010 $a1-4356-0969-7 010 $a0-19-152399-2 010 $a1-280-90304-X 035 $a(CKB)2560000000298296 035 $a(EBL)422413 035 $a(OCoLC)437108524 035 $a(SSID)ssj0000204017 035 $a(PQKBManifestationID)11199591 035 $a(PQKBTitleCode)TC0000204017 035 $a(PQKBWorkID)10174215 035 $a(PQKB)10797385 035 $a(StDuBDS)EDZ0000072296 035 $a(MiAaPQ)EBC422413 035 $a(Au-PeEL)EBL422413 035 $a(CaPaEBR)ebr10263682 035 $a(CaONFJC)MIL90304 035 $a(EXLCZ)992560000000298296 100 $a20040803d2004 uy 0 101 0 $aeng 135 $aur|n|---||||| 181 $ctxt 182 $cc 183 $acr 200 10$aModeling reality$b[electronic resource] $ehow computers mirror life /$fIwo Bia?ynicki-Birula, Iwona Bia?ynicka-Birula 210 $aOxford ;$aNew York $cOxford University Press$d2004 215 $a1 online resource (191 p.) 300 $aDescription based upon print version of record. 311 $a0-19-853100-1 311 $a0-19-171303-1 320 $aIncludes bibliographical references (p. [173]-175) and index. 327 $aContents; 1 From building blocks to computers: Models and modeling; 2 The game of life: A legendary cellular automaton; 3 Heads or tails: Probability of an event; 4 Galton's board: Probability and statistics; 5 Twenty questions: Probability and information; 6 Snowflakes: The evolution of dynamical systems; 7 The Lorenz butterfly: Deterministic chaos; 8 From Cantor to Mandelbrot: Self-similarity and fractals; 9 Typing monkeys: Statistical linguistics; 10 The bridges of Ko?nigsberg: Graph theory; 11 Prisoner's dilemma: Game theory; 12 Let the best man win: Genetic algorithms 327 $a13 Computers can learn: Neural networks14 Unpredictable individuals: Modeling society; 15 Universal computer: The Turing machine; 16 Hal, R2D2, and Number 5: Artificial intelligence; Epilog; Programs; Further reading; Index; A; B; C; D; E; F; G; H; I; K; L; M; N; O; P; R; S; T; U; V; W; X; Z 330 $aThis book is for everyone (college and high-school students, school teachers and the general public) who wants to learn about many fascinating ideas that have come to the fore with recent advances in the application of computers to real life situations. Twenty five computer programs greatly enhance the pleasure of learning the spellbinding topics covered in the book. - ;The book Modeling Reality covers a wide range of fascinating subjects, accessible to anyone who wants to learn about the use of computer modeling to solve a diverse range of problems, but who does not possess a specialized trai 606 $aReality 606 $aLife 606 $aPhysics$xPhilosophy 608 $aElectronic books. 615 0$aReality. 615 0$aLife. 615 0$aPhysics$xPhilosophy. 676 $a530.01 676 $a530/.01 700 $aBia?ynicki-Birula$b Iwo$044879 701 $aBia?ynicka-Birula$b Iwona$0946669 801 0$bMiAaPQ 801 1$bMiAaPQ 801 2$bMiAaPQ 906 $aBOOK 912 $a9910465803003321 996 $aModeling reality$92138871 997 $aUNINA LEADER 01526nam a2200277 i 4500 001 991002509039707536 005 20020508201426.0 008 011128s|||| it ||| | ita 020 $a8879889249 035 $ab11020106-39ule_inst 035 $aPARLA163963$9ExL 040 $aDip.to Scienze Storiche Fil. e Geogr.$bita 110 2 $aSocietā internazionale di studi francescani$0167009 245 10$aDal pulpito alla cattedra :$bi vescovi degli ordini mendicanti nel '200 e nel primo '300 :$batti del 27. Convegno internazionale : Assisi, 14-16 ottobre 1999 /$cSocietā internazionale di studi francescani, Centro interuniversitario di studi francescani 260 $aSpoleto :$bCentro italiano di studi sull'alto Medioevo,$c2000 300 $aX, 420 p. ;$c23 cm. 490 0 $aAtti dei convegni della Societā internazionale di studi francescani e del Centro interuniversitario di studi francescani.$pN. S. ;$v10 490 0 $aSISF convegni ;$v27 710 2 $aCentro interuniversitario di studi francescani$eauthor$4http://id.loc.gov/vocabulary/relators/aut$0167010 907 $a.b11020106$b23-02-17$c28-06-02 912 $a991002509039707536 945 $aLE019 A1 ST B 31$g1$i2019000005609$lle019$o-$pE0.00$q-$rl$s- $t0$u2$v1$w2$x0$y.i14362752$z09-02-07 945 $aLE009 MSM VIII Coll. 18/27$g1$i2009000142725$lle009$o-$pE0.00$q-$rn$so $t0$u0$v0$w0$x0$y.i11139341$z28-06-02 996 $aDal pulpito alla cattedra$91456647 997 $aUNISALENTO 998 $ale019$ale009$b01-01-01$cm$da $e-$fita$git $h0$i2